000
00282nam a2200145Ia 4500
100
_a
Bhavalkar/V.
650
_a
General
942
_c
RB
654
_a
Sheti
245
_a
Bhonagachi Sheti
260
_b
Tech Aid
_a
Pune
_c
1993
300
_a
189
546
_a
MARATHI
999
_c
26734
_d
26734